Liedtext - Holz - 257ers - Statistiken

Allgemein
  • Dieses Quiz wurde 1.211 mal gespielt
  • Das Durchschnittsergebnis liegt bei 337 aus 447
Antwortstatistiken
Textquiz % Korrekt
Holz
100%
Ich
99%
ich
99%
mein
99%
und
99%
Und
99%
Holzi
86%
es
79%
Es
79%
'n
79%
kann
77%
'n
77%
ist
72%
Ist
72%
das
68%
der
68%
Der
68%
man
66%
Man
66%
Du
65%
du
65%
ein
65%
sägen
62%
So
61%
in
60%
er
59%
wenn
59%
nicht
58%
Nicht
58%
die
57%
vielseitig
56%
dann
55%
the
55%
alle
54%
verbrennen
54%
jetzt
52%
kannst
52%
joa
51%
auch
50%
wir
50%
schön
49%
Wärme
49%
spendet
48%
Thema
47%
bauen
46%
Ja
46%
Song
46%
Meine
45%
meine
45%
beginnt
44%
heute
44%
aus
43%
bekommt
43%
heißt
43%
Mit
43%
sehr
43%
wood
43%
mal
42%
Denn
41%
Staudamm
41%
this
41%
verbrennst
40%
Wie
40%
Aber
39%
dieses
39%
bricht
38%
sägst
38%
sieht
38%
Tisch
38%
sein
37%
sind
37%
lackieren
36%
Leben
36%
Bank
35%
for
35%
HDGDL
35%
vertrauen
35%
voll
35%
best
34%
eines
34%
ihm
34%
jeder
34%
will
34%
Gedanken
33%
Kopf
33%
Stock
33%
unzertrennlich
33%
crazy
32%
friends
32%
oder
32%
Okay
32%
rettet
32%
David
31%
forever
31%
nein
31%
warum
31%
Zeug
31%
dein
30%
dieser
30%
Herz
30%
weil
30%
Zuhause
30%
air
29%
Besitzer
29%
guten
29%
hands
29%
nur
29%
Put
29%
your
29%
heftigste
28%
nochmal
28%
Unverständlich
28%
Leute
27%
Welt
27%
wunderbaren
27%
auf
26%
Exemplares
26%
nämlich
26%
sich
26%
ins
25%
neues
25%
stellen
25%
Treppe
25%
Wohnzimmer
25%
bin
24%
endet
24%
Vase
24%
ah
23%
Baumleben
23%
heutzutag
23%
Besen
22%
hast
22%
schwerste
22%
wunderschön
21%
Kettensäge
20%
stolz
20%
Baywatch-Flittchen
18%
Gebrauchsgegenstände
18%
kein'
18%
Gold
16%
bring
14%
Let
14%
unters
14%
us
14%
Volk
14%
some
13%
take
13%
Mahagoni-Proll
11%
Pressspan
10%
Playsi-Pad
9%
Hesselholz
8%
Keine übereinstimmenden Quizze gefunden
Verteilung der Resultate
Anzahl Personen mit jedem Resultat
Perzentil nach korrekt beantworteten Fragen
Ihre Resultats-Entwicklung
Sie haben dieses Quiz noch nicht gespielt